NY Jets starting offense - Statistics

General Stats
  • This quiz has been taken 76 times
    2 since last reset
  • The average score is 3 of 12
Answer Stats
Hint Answer % Correct
RB Breece Hall
100%
QB Geno Smith
100%
WR 1 Garrett Wilson
50%
TE Mason Taylor
50%
WR 3 Adonai Mitchell
0%
FB Andrew Beck
0%
RT Armand Membou
0%
LG Dylan Parham
0%
RG Joe Tippman
0%
C Josh Myers
0%
LT Olu Fashanu
0%
WR 2 Omar Cooper Jr.
0%
No matching quizzes found
Score Distribution
Percent of People with Each Score
Percentile by Number Answered
Your Score History
You have not taken this quiz since the last reset